00841cam a2200217 a 4500001000500000005001700005020001800022040002400040050001500064082001100079100001800090245009700108250004800205260003400253300004700287505000800334520020500342521002000547521002000567700003600587253720250428144520.0 a9780590438292 aDLCcDLCdDLCbeng 00aJV6484.L4900a325.731 aLevine, Ellen10aIf your name was changed at Ellis Island /cby Ellen Levine ; illustrated by Wayne Parmenter aThis edition first printing, September 2006 aNew York :bScholastic,c1993 a80 pages : bcolor illustrations ;c20 cm  aW  aDescribes, in question and answer format, the great migration of immigrants to New York's Ellis Island, from the 1880s to 1914. Features quotes from children and adults who passed through the station. a880 bLexile  aW bRaz-Plus 1 aParmenter, Wayne,eillustrator